=LDR 00000nam 2200000 4500 =001 INLIS000000000002306 =005 20240521091151 =035 ##$$a 0010-0524000060 =007 ta =008 240521################g##########0#ind## =020 ##$$a 979-9566-37-1 =082 ##$$a 371.9 =084 ##$$a 371.9 KHO b =100 1#$$a Khoo, Adam =245 1#$$a Buku pintar anak jenius : $b saya jenius, begitu juga anda! /$c Adam Khoo ; penyunting, Ana Budi Kuswandani, Suharsono =260 ##$$a Jakarta :$b Mitra Media,$c 2008 =300 ##$$a xiv, 250 halaman : $b ilustrasi ; $c 23,5 cm =650 #4$$a anak jenius =700 #$$a Ana Budi Kuswandani $g penyunting =700 #$$a Suharsono $g penyunting